| 000 | 01099nam a22003257a 4500 | ||
|---|---|---|---|
| 003 | CHAP | ||
| 005 | 20220329143349.0 | ||
| 008 | 081226s2006 us a r 00010 eng d | ||
| 010 | _a95559 | ||
| 011 | _a96531 | ||
| 020 | _a9781891389382 | ||
| 035 | _a107185 | ||
| 040 | _cCHAP | ||
| 082 | 0 | 4 |
_a547 _bSo69 _22006 |
| 100 | 1 |
_aSorrell, Thomas N. _9108782 |
|
| 245 | 1 | 0 |
_aOrganic chemistry _c/by Thomas N. Sorrell |
| 250 | _a2 ed. | ||
| 260 |
_aSausalito, CA : _bUniversity Science Books, _c2006 |
||
| 300 |
_axxiii, 988, [52] p. : _bilus. |
||
| 590 |
_aBATCH-UPD _b10 _c20130110 _lUCH01 _h0319 |
||
| 590 |
_aBATCH-UPD _b10 _c20130110 _lUCH01 _h2053 |
||
| 590 |
_aBATCH-UPD _b10 _c20130409 _lUCH01 _h2352 |
||
| 590 |
_aBATCH-UPD _b10 _c20130914 _lUCH01 _h1951 |
||
| 590 |
_aCONVERSION _b10 _c20130109 _lUCH01 _h1353 |
||
| 650 | 0 | 4 |
_aQuímica orgánica. _993598 |
| 901 | _aBK | ||
| 942 | _cLIBRO | ||
| 949 |
_a547 So69 2006 _bBC _cLIBRO _d33724002077090 _eLIBRO _gI.240584 _h110191 _i107185 _sb _t$1,848.00 |
||
| 949 |
_a547 So69 2006 _bBC _cLIBRO _d33724002077330 _eLIBRO _fc.2 _gI.240585 _h110192 _i107185 _sb _t$1,848.00 |
||
| 999 |
_c95559 _d95559 |
||